| 000 | 00577nam a2200169 4500 | ||
|---|---|---|---|
| 082 | 0 | 0 |
_a363.125 _bLOW _cD |
| 100 | 1 |
_aLowden, Perry R. _938173 |
|
| 245 | 1 | 0 |
_aHighway safety _c[by] Perry R. Lowden and James C. Ray. |
| 260 |
_aBerkeley, _bUniversity of California, _c1968. |
||
| 300 |
_aiii, 92 p. _billus. _c28 cm. |
||
| 490 | 0 | _aCalifornia. University. Institute of Transportation and Traffic Engineering. Course notes | |
| 526 |
_a0 _b0 _c0 _d363_125000000000000_LOW |
||
| 650 | 0 |
_aMCE _9379 |
|
| 650 | 0 | _aTraffic safety. | |
| 700 | 1 |
_aRay, James C., _938174 |
|
| 942 |
_2ddc _cBK |
||
| 999 |
_c542816 _d542816 |
||